Guess the Celebrity by Picture - Letter M - Statistics

General Stats
  • This quiz has been taken 1,249 times
  • The average score is 11 of 16
Answer Stats
Picture Answer % Correct
Michael Jackson
99%
Michelle Obama
96%
Miley Cyrus
91%
Mariah Carey
89%
Muhammad Ali
89%
Madonna
83%
Margot Robbie
79%
Marilyn Monroe
73%
Mick Jagger
71%
Megan Fox
70%
Mila Kunis
68%
Michael Jordan
66%
Millie Bobby Brown
58%
Matthew Broderick
39%
Mandy Moore
22%
Miranda Kerr
18%
No matching quizzes found
Score Distribution
Percent of People with Each Score
Percentile by Number Answered
Your Score History
You have not taken this quiz